| 000 | 00929 a2200157 4500 | ||
|---|---|---|---|
| 003 | Nust | ||
| 005 | 20230126115729.0 | ||
| 040 | _cNust | ||
| 082 | _a824,STA | ||
| 100 |
_aStapledon,Olaf _9107745 |
||
| 245 |
_aODD John _bA story Between Jest and Earnest / _c Olf Stapledon |
||
| 260 |
_aLondon _bMethuen And Co |
||
| 300 | _a535:p | ||
| 505 | _aJohn and the Author (Page-1), The First Phase (Page-6), Enfant Terrible (Page-17), John and his Elders (Page-28), Thought and Action (Page-41), Many Inventions (Page-55), Financial Ventures (Page-67), Scandalous Adolescence (Page-76), The World Plight (Page-99) Strange Encounters (Page-124), John in the Wilderness (Page-134), John Seeks his Kind (Page-151), Engineering Problems (Page-167), Jacqueline (Page-174), Adlan (Page-186), The Skid’s first Voyage (Page-208), The Colony in Being (Page-232), The Beginning of the End (Page-254), The End (Page-276). | ||
| 942 |
_2ddc _cBK |
||
| 999 |
_c186048 _d186048 |
||